00911cam a2200253 4500001001300000003000400013005001700017008004100034010001700075025001900092040001800111050002600129082001600155110008100171245010300252260007300355300002500428490001600453500001700469650002700486650002700513810010000540999001700640sa 68014708 DLC20260227112634.0700212s1967 pk b 000 0 eng  asa 68014708  aPL480:P-E-1317 aDLCcDLCdDLC00aHD2075.5b.A337 no. 600a338.1/095491 aPakistan.bDepartment of Marketing Intelligence and Agricultural Statistics.10aStudy on crop responses to various types of fertilizers and their future requirements in Pakistan. aRawalpindi,bPrinted by the Manager, Govt. of Pakistan Press,c1967. a34 p.bmaps.c24 cm.1 aIts S.S., 6 aCover title. 0aFertilizerszPakistan. 0aField cropszPakistan.1 aPakistan.bDepartment of Marketing Intelligence and Agricultural Statistics.tSurvey series,v6 c85982d85982